Οι νησιώτες του Αιγαίου στον αγώνα : θέση και κατάσταση των νησιωτών του Αιγαίου τις παραμονές του 1821, η συμβολή και οι θυσίες τους στον αγώνα

Αποθηκεύτηκε σε:
Λεπτομέρειες βιβλιογραφικής εγγραφής
Κύριος συγγραφέας: Ρόζος, Ευάγγελος Γ., 1930-
Μορφή: Βιβλίο
Γλώσσα:Greek
Δημοσίευση: Αθήνα : [Γ. Αργυροπούλου - Α. Ζουμαδάκη], 1971.
Θέματα:
Ετικέτες: Προσθήκη ετικέτας
Δεν υπάρχουν, Καταχωρήστε ετικέτα πρώτοι!

MARC

LEADER 00000nam a2200000 a 4500
001 1/127169
008 230822t1971####gr | ||| |||| ||gre||
040 |a GR-MyUa  |b gre  |c GR-MyUa  |e AACR2 
041 0 |a gre 
082 7 |a 938.5  |2 (23) 
100 1 |a Ρόζος, Ευάγγελος Γ.,   |d 1930- 
245 1 3 |a Οι νησιώτες του Αιγαίου στον αγώνα :   |b θέση και κατάσταση των νησιωτών του Αιγαίου τις παραμονές του 1821, η συμβολή και οι θυσίες τους στον αγώνα /   |c Ευάγγελου Γ. Ρόζου.  
260 |a Αθήνα :   |b [Γ. Αργυροπούλου - Α. Ζουμαδάκη],   |c 1971.  
300 |a 336 σ. ;   |c 21 εκ.  
504 |a Περιέχει ευρετήριο ονομάτων.  
650 0 |a Merchant marine  |z Greece  |x History. 
651 0 |a Greece  |x History  |y 1821- 
852 |a INST  |b SAMOS  |e 20230821  |h 938.5 ΡΟΖ  |p 005300047817  |q 005300047817  |t BK  |y 0 
970 |a Γουβάλα  |b Βάσω  |z 25-8-2023